Nachbarländer oder nicht?! - Sudden Death #1 - Statistiken

Allgemein
  • Dieses Quiz wurde 324 mal gespielt
  • Das Durchschnittsergebnis liegt bei 4 aus 10
Answers on the Grid
Answers color-coded by a green-red scale on the quiz's grid according to % correct below.
Russland🇷🇺 & Armenien🇦🇲
Vatikanstadt🇻🇦 & San Marino🇸🇲
Brasilien🇧🇷 & Chile🇨🇱
Kasachstan🇰🇿 & Mongolei🇲🇳
Slowenien🇸🇮 & Slowakei🇸🇰
Litauen🇱🇹 & Estland🇪🇪
Ägypten🇪🇬 & Marokko🇲🇦
Eritrea🇪🇷 & Somalia🇸🇴
China🇨🇳 & Japan🇯🇵
Dänemark🇩🇰 & Norwegen🇳🇴
Haiti🇭🇹 & Dominikanische Republik🇩🇴
Mexiko🇲🇽 & Guatemala🇬🇹
Belarus🇧🇾 & Lettland🇱🇻
Peru🇵🇪 & Kolumbien🇨🇴
Malaysia🇲🇾 & Brunei🇧🇳
Aserbaidschan🇦🇿 & Iran🇮🇷
Sambia🇿🇲 & Simbabwe🇿🇼
Kamerun🇨🇲 & Nigeria🇳🇬
Österreich🇦🇹 & Liechtenstein🇱🇮
Philippinen🇵🇭 & ❌️
 
Antwortstatistiken
Antwort % Korrekt
Österreich🇦🇹 & Liechtenstein🇱🇮
65%
Haiti🇭🇹 & Dominikanische Republik🇩🇴
54%
Mexiko🇲🇽 & Guatemala🇬🇹
48%
Peru🇵🇪 & Kolumbien🇨🇴
45%
Philippinen🇵🇭 & ❌️
43%
Belarus🇧🇾 & Lettland🇱🇻
42%
Kamerun🇨🇲 & Nigeria🇳🇬
38%
Malaysia🇲🇾 & Brunei🇧🇳
37%
Sambia🇿🇲 & Simbabwe🇿🇼
36%
Aserbaidschan🇦🇿 & Iran🇮🇷
33%
Keine übereinstimmenden Quizze gefunden
Verteilung der Resultate
Anzahl Personen mit jedem Resultat
Perzentil nach korrekt beantworteten Fragen
Ihre Resultats-Entwicklung
Sie haben dieses Quiz noch nicht gespielt